Rihanna - Chansons de l'album Unapologetic - Statistiques

Statistiques générales
  • Ce quiz a été pris 8 fois
  • Le résultat moyen est 12 sur 17
Statistiques - réponses
Hint Réponse % Correct
Unapologetic 2 Diamonds
83%
Unapologetic- 16 Diamonds (Dave Audé 100 Extended)
83%
Unapologetic- 17 Diamonds (Gregor Salto Downtempo Remix)
83%
Unapologetic 6 Jump
83%
Unapologetic 4 Pour It Up
83%
Unapologetic 9 Stay (ft. Mikky Ekko)
83%
Unapologetic 8 What Now
83%
Unapologetic 5 Loveeeeeee Song (ft. Future)
67%
Unapologetic- 11 Love Without Tragedy / Mother Mary
67%
Unapologetic- 10 Nobody's Business (ft. Chris Brown)
67%
Unapologetic 3 Numb (ft. Eminem)
67%
Unapologetic 1 Phresh Out The Runway
67%
Unapologetic 7 Right Now (ft. David Guetta)
67%
Unapologetic- 15 Half of Me
50%
Unapologetic- 14 Lost in Paradise
50%
Unapologetic- 13 No Love Allowed
50%
Unapologetic- 12 Get It Over With
17%
Aucun quiz correspondant
Distribution des résultats
% des personnes avec chaque résultat
Percentile par nombre de réponses
Votre historique - résultats
Vous n’avez pas pris ce quiz